000 00458nam a2200157 a 4500
001 000011219
005 20200929162405.0
008 091015s1983 dr 000 0 spa d
040 _aDO-SdBNP
_bspa
_cBNPHU
082 _axxxx
_bR696h
100 1 _aRodríguez, José
_q(P.Mantilla)
_926782
245 1 0 _aHistorias románticas /
_cJosé Rodríguez,.
260 _aSanto Domingo :
_bTele-3,
_c1983.
300 _a157 p. ;
_c22 cm.
590 _aInventariado, 2019/VM
999 _c10938
_d10938